[Event "Warsaw YMCA Spring-A 138th"]
[Site "Warsaw"]
[Date "2014.04.11"]
[Round "1"]
[White "Maj, Pawel"]
[Black "Delega, Tomasz"]
[Result "1-0"]
[WhiteElo "1968"]
[BlackElo "2100"]
[PlyCount "177"]
[EventDate "2014.04.08"]
[EventType "tourn"]
[EventRounds "11"]
[EventCountry "POL"]
[SourceTitle "EXT 2015"]
[Source "ChessBase"]
[SourceDate "2014.11.20"]
[SourceVersion "1"]
[SourceVersionDate "2014.11.20"]
[SourceQuality "1"]

1. e4 Nf6 2. e5 Nd5 3. d4 d6 4. Nf3 Bg4 5. Be2 Nc6 6. 0-0 Nb6 7. exd6 exd6 8. Re1 Be7 9. h3 Be6 10. Nbd2 d5 11. Nf1 0-0 12. c3 Bf5 13. Ng3 Bg6 14. a4 a5 15. b3 Re8 16. Ba3 Bf6 17. Ra2 Nc8 18. Bf1 Rxe1 19. Nxe1 Nd6 20. Bd3 Qd7 21. Qg4 Qxg4 22. hxg4 Re8 23. Re2 Rxe2 24. Nxe2 Ne4 25. Bxe4 Bxe4 26. f3 Bb1 27. Kf2 Ba2 28. Nc1 Bb1 29. Ne2 Bg5 30. f4 Bh4+ 31. g3 Bd8 32. Ke3 h6 33. Nd3 Bc2 34. Nec1 Bd1 35. Nf2 Bc2 36. Kd2 Bh7 37. Ncd3 b6 38. Ke3 f5 39. gxf5 Bxf5 40. g4 Be6 41. f5 Bg5+ 42. Nf4 Bf7 43. N2h3 Bh4 44. Ne6 Be1 45. c4 dxc4 46. bxc4 Nb4 47. Nhf4 Bg3 48. Bb2 g5 49. Ne2 Bh2 50. d5 Be8 51. Nc3 Be5 52. Ke4 Bh2 53. Nb5 c6 54. Nc3 Na6 55. Bc1 cxd5+ 56. cxd5 Bd6 57. Be3 Nc5+ 58. Nxc5 bxc5 59. Nb5 Bxb5 60. axb5 Kf7 61. Kd3 a4 62. Bc1 Be5 63. Kc4 Bd6 64. b6 h5 65. gxh5 g4 66. b7 g3 67. Be3 a3 68. Bxc5 a2 69. Bxd6 a1Q 70. b8Q Qa6+ 71. Kd4 Qa1+ 72. Ke4 Qe1+ 73. Kf3 Qf1+ 74. Kxg3 Qg1+ 75. Kf3 Qh1+ 76. Ke3 Qe1+ 77. Kd4 Qd2+ 78. Kc5 Qc3+ 79. Kb6 Qb3+ 80. Kc6 Qa4+ 81. Qb5 Qc2+ 82. Bc5 Qxf5 83. Qb7+ Kg8 84. Qb8+ Kh7 85. Qe8 Qf4 86. Qg6+ Kh8 87. Qe8+ Kh7 88. Qe7+ Kg8 89. Qf8+ 1-0

[Event "Warsaw YMCA Winter-B 135th"]
[Site "Warsaw"]
[Date "2014.02.04"]
[Round "12"]
[White "Maj, Pawel"]
[Black "Barc, Michal"]
[Result "1-0"]
[WhiteElo "1918"]
[BlackElo "1849"]
[PlyCount "43"]
[EventDate "2014.01.08"]
[EventType "tourn"]
[EventRounds "13"]
[EventCountry "POL"]
[SourceTitle "EXT 2015"]
[Source "ChessBase"]
[SourceDate "2014.11.20"]
[SourceVersion "1"]
[SourceVersionDate "2014.11.20"]
[SourceQuality "1"]

1. e4 d6 2. d4 Nf6 3. Nc3 c6 4. f4 Qa5 5. e5 Ne4 6. Nf3 Nxc3 7. bxc3 Qxc3+ 8. Bd2 Qa3 9. Bd3 Bg4 10. Rb1 b6 11. h3 Bxf3 12. Qxf3 e6 13. 0-0 g6 14. g4 h5 15. Rb3 Qa4 16. Bc3 d5 17. f5 gxf5 18. gxf5 Be7 19. fxe6 fxe6 20. Qf7+ Kd8 21. Qg7 Re8 22. Bg6 1-0

[Event "Warsaw YMCA Winter-B 135th"]
[Site "Warsaw"]
[Date "2014.01.27"]
[Round "6"]
[White "Maj, Pawel"]
[Black "Rusin, Ryszard"]
[Result "1-0"]
[WhiteElo "1918"]
[BlackElo "1840"]
[PlyCount "65"]
[EventDate "2014.01.08"]
[EventType "tourn"]
[EventRounds "13"]
[EventCountry "POL"]
[SourceTitle "EXT 2015"]
[Source "ChessBase"]
[SourceDate "2014.11.20"]
[SourceVersion "1"]
[SourceVersionDate "2014.11.20"]
[SourceQuality "1"]

1. e4 e5 2. Nf3 Nf6 3. d4 Nxe4 4. Bd3 d5 5. Nxe5 Be7 6. 0-0 0-0 7. c4 c5 8. cxd5 Qxd5 9. Re1 Nxf2 10. Kxf2 Qxd4+ 11. Kf1 Bh4 12. Re3 Rd8 13. Nf3 Qf6 14. Qe2 Be6 15. Re4 g5 16. Rxh4 Rxd3 17. Qxd3 gxh4 18. Nc3 Nc6 19. Bg5 Qg7 20. Rd1 h3 21. g3 Bg4 22. Ne4 h5 23. Nf6+ Kh8 24. Nxg4 hxg4 25. Qf5 Kg8 26. Qxg4 Re8 27. Rd5 Nd4 28. Nxd4 cxd4 29. Qxd4 Qg6 30. Qd3 Qe6 31. Bd2 f6 32. Qg6+ Kh8 33. Rh5# 1-0